[Event "Rhein Main op-A 17th"]
[Site "Bad Homburg"]
[Date "2014.06.20"]
[Round "4"]
[White "Storch, Dominik"]
[Black "Brendel, Bergit"]
[Result "0-1"]
[WhiteElo "1896"]
[BlackElo "2061"]
[PlyCount "92"]
[EventDate "2014.06.18"]
[EventType "swiss"]
[EventRounds "7"]
[EventCountry "GER"]
[SourceTitle "CBM 161 Extra"]
[Source "ChessBase"]
[SourceDate "2014.08.29"]
[SourceVersion "1"]
[SourceVersionDate "2014.08.29"]
[SourceQuality "1"]

1. f4 d5 2. Nf3 Bg4 3. e3 Nd7 4. h3 Bxf3 5. Qxf3 e5 6. Qxd5 Qh4+ 7. Kd1 0-0-0 8. fxe5 Qe7 9. Qf3 Nxe5 10. Qf2 Nf6 11. Nc3 g6 12. Be2 Bg7 13. Rf1 h5 14. Ke1 h4 15. Qf4 a6 16. Qa4 Qd6 17. b4 Ned7 18. Rf4 Nb6 19. Qb3 Nfd5 20. Nxd5 Nxd5 21. Rb1 Nxf4 22. exf4 Qxf4 23. Qf3 Qxf3 24. Bxf3 Rhe8+ 25. Kd1 Bh6 26. b5 axb5 27. Rxb5 c6 28. Rb4 Re7 29. c3 Red7 30. Rxh4 Bxd2 31. Kc2 Bxc1 32. Kxc1 Rd2 33. Ra4 Kc7 34. Rf4 Rxa2 35. Rxf7+ Kb6 36. Rf4 Rd3 37. Rb4+ Kc7 38. Kb1 Rf2 39. Rb2 Rdd2 40. Rxd2 Rxd2 41. Kc1 Rf2 42. Be4 g5 43. Kd1 Kd6 44. Ke1 Ra2 45. Kf1 Ke5 46. Bf3 Kf4 0-1

[Event "Rhein Main op-A 16th"]
[Site "Bad Homburg"]
[Date "2013.06.01"]
[Round "6"]
[White "Storch, Dominik"]
[Black "Paajala, Niki"]
[Result "1/2-1/2"]
[WhiteElo "1899"]
[BlackElo "1969"]
[PlyCount "97"]
[EventDate "2013.05.29"]
[EventType "swiss"]
[EventRounds "7"]
[EventCountry "GER"]
[SourceTitle "EXT 2014"]
[Source "ChessBase"]
[SourceDate "2013.11.20"]
[SourceVersion "1"]
[SourceVersionDate "2013.11.20"]
[SourceQuality "1"]

1. f4 d5 2. Nf3 g6 3. e3 Bg7 4. Be2 c5 5. 0-0 Nc6 6. d3 f5 7. Nbd2 Nf6 8. c3 0-0 9. Qe1 Ng4 10. Nb3 Qd6 11. h3 Nf6 12. Bd2 b5 13. Rd1 a5 14. e4 fxe4 15. dxe4 dxe4 16. Ne5 c4 17. Be3 Qc7 18. Nd4 Nxe5 19. fxe5 Qxe5 20. a4 Bd7 21. axb5 Bxb5 22. Nc2 Qc7 23. Na3 Ba6 24. Qh4 Rad8 25. Kh1 Rxd1 26. Rxd1 Qc6 27. Qg5 Rb8 28. Rd2 e6 29. Qxa5 Nd5 30. Bd4 Bh6 31. Rd1 Rf8 32. Bg4 Bb7 33. Nxc4 e3 34. Ne5 Qc8 35. Qc5 Rf2 36. Re1 Qxc5 37. Bxc5 Nf4 38. Bxe3 Rxg2 39. Bf3 Bxf3 40. Nxf3 Rxb2 41. Bd2 Nd3 42. Re2 Bxd2 43. Rxd2 Rxd2 44. Nxd2 Kf7 45. Ne4 Ke7 46. Kg2 Ne5 47. Kg3 Nf7 48. Kf3 h6 49. h4 1/2-1/2

[Event "Rhein Main op-A 16th"]
[Site "Bad Homburg"]
[Date "2013.05.30"]
[Round "3"]
[White "Kuhn, Gerhard"]
[Black "Storch, Dominik"]
[Result "1/2-1/2"]
[WhiteElo "2012"]
[BlackElo "1899"]
[PlyCount "48"]
[EventDate "2013.05.29"]
[EventType "swiss"]
[EventRounds "7"]
[EventCountry "GER"]
[SourceTitle "EXT 2014"]
[Source "ChessBase"]
[SourceDate "2013.11.20"]
[SourceVersion "1"]
[SourceVersionDate "2013.11.20"]
[SourceQuality "1"]

1. e4 d5 2. exd5 Nf6 3. d4 Bg4 4. f3 Bf5 5. Bb5+ Nbd7 6. c4 a6 7. Bxd7+ Qxd7 8. Ne2 0-0-0 9. 0-0 e6 10. dxe6 Qxe6 11. b3 Bc5 12. Kh1 Rhe8 13. Nbc3 Ba7 14. Bg5 h6 15. Bh4 Qe3 16. Bf2 Qd3 17. Qxd3 Bxd3 18. Rfe1 b5 19. cxb5 axb5 20. Rad1 Bxe2 21. Rxe2 b4 22. Ne4 Nd5 23. Red2 f5 24. Ng3 Nc3 1/2-1/2

[Event "Frankfurt-chA"]
[Site "Frankfurt"]
[Date "2012.06.04"]
[Round "5"]
[White "Geringer, Waldemar"]
[Black "Storch, Dominik"]
[Result "1-0"]
[WhiteElo "1885"]
[BlackElo "1730"]
[PlyCount "65"]
[EventDate "2012.04.30"]
[EventType "swiss"]
[EventRounds "7"]
[EventCountry "GER"]
[SourceTitle "EXT 2013"]
[Source "ChessBase"]
[SourceDate "2012.11.22"]
[SourceVersion "1"]
[SourceVersionDate "2012.11.22"]
[SourceQuality "1"]

1. d4 f5 2. c4 e6 3. g3 d5 4. Bg2 c6 5. Nf3 Bd6 6. 0-0 Nf6 7. b3 0-0 8. Ba3 Bc7 9. Bxf8 Qxf8 10. Nc3 Bd7 11. Rc1 Bd6 12. c5 Bc7 13. b4 Be8 14. a4 Ne4 15. Ne5 Nxc3 16. Rxc3 Qf6 17. Nf3 Bh5 18. Qd3 Bxf3 19. Bxf3 g5 20. e3 a6 21. b5 g4 22. Bg2 h5 23. bxa6 Rxa6 24. Rb3 Rxa4 25. Rxb7 Qg7 26. Qb3 Ra8 27. Qb2 h4 28. Ra1 Rxa1+ 29. Qxa1 f4 30. Qa7 fxe3 31. Rxc7 exf2+ 32. Kf1 Qf8 33. Rb7 1-0

[Event "Politiken Cup 33rd"]
[Site "Helsingor"]
[Date "2011.08.07"]
[Round "10"]
[White "Hyldkrog, Lars"]
[Black "Storch, Dominik"]
[Result "1/2-1/2"]
[WhiteElo "2038"]
[BlackElo "1883"]
[PlyCount "51"]
[EventDate "2011.07.30"]
[EventType "swiss"]
[EventRounds "10"]
[EventCountry "DEN"]
[SourceTitle "CBM 143 Extra"]
[Source "ChessBase"]
[SourceDate "2011.08.29"]
[SourceVersion "1"]
[SourceVersionDate "2011.08.29"]
[SourceQuality "1"]

1. e4 d5 2. exd5 Nf6 3. Nf3 Qxd5 4. Nc3 Qh5 5. d4 Bg4 6. Be2 Nc6 7. Be3 0-0-0 8. Qd2 e5 9. d5 Bb4 10. a3 Rxd5 11. Qc1 Bxc3+ 12. bxc3 e4 13. Ng1 Rhd8 14. Qb2 Bxe2 15. Nxe2 Rb5 16. Qc1 a6 17. Nd4 Nxd4 18. cxd4 c6 19. h3 Kd7 20. 0-0 Ke8 21. c4 Rb3 22. Qc2 Rd3 23. Rab1 Rd7 24. Rb3 Rxb3 25. Qxb3 Qa5 26. a4 1/2-1/2

[Event "Politiken Cup 33rd"]
[Site "Helsingor"]
[Date "2011.08.06"]
[Round "9"]
[White "Storch, Dominik"]
[Black "Petersen, Tom"]
[Result "1-0"]
[WhiteElo "1883"]
[BlackElo "1997"]
[PlyCount "61"]
[EventDate "2011.07.30"]
[EventType "swiss"]
[EventRounds "10"]
[EventCountry "DEN"]
[SourceTitle "CBM 143 Extra"]
[Source "ChessBase"]
[SourceDate "2011.08.29"]
[SourceVersion "1"]
[SourceVersionDate "2011.08.29"]
[SourceQuality "1"]

1. f4 d5 2. Nf3 Nf6 3. b3 Bg4 4. e3 c5 5. Bb2 e6 6. Bb5+ Nc6 7. 0-0 Bd6 8. Qe1 Bxf3 9. Rxf3 Qb6 10. Bxc6+ bxc6 11. d3 a5 12. Nd2 a4 13. Kh1 axb3 14. axb3 Ke7 15. e4 Rxa1 16. Bxa1 dxe4 17. dxe4 Bc7 18. Nc4 Qa6 19. Bb2 Ra8 20. g4 h6 21. Qh4 Qa2 22. e5 Qb1+ 23. Kg2 Qxc2+ 24. Kh3 Qg6 25. exf6+ gxf6 26. f5 Qg5 27. fxe6 Qxh4+ 28. Kxh4 Kxe6 29. Rxf6+ Kd5 30. Rxf7 Bxh2 31. Nb6+ 1-0

[Event "Politiken Cup 33rd"]
[Site "Helsingor"]
[Date "2011.08.01"]
[Round "4"]
[White "Jensen, Jonbert"]
[Black "Storch, Dominik"]
[Result "0-1"]
[WhiteElo "1595"]
[BlackElo "1883"]
[PlyCount "71"]
[EventDate "2011.07.30"]
[EventType "swiss"]
[EventRounds "10"]
[EventCountry "DEN"]
[SourceTitle "CBM 143 Extra"]
[Source "ChessBase"]
[SourceDate "2011.08.29"]
[SourceVersion "1"]
[SourceVersionDate "2011.08.29"]
[SourceQuality "1"]

1. e4 d5 2. exd5 Nf6 3. Nf3 Bg4 4. Bb5+ c6 5. dxc6 Nxc6 6. Bxc6+ bxc6 7. 0-0 e5 8. d3 Bd6 9. Bg5 Qb6 10. Bxf6 gxf6 11. Nbd2 Qxb2 12. Nc4 Qb8 13. Rb1 Qc7 14. h3 Bh5 15. g4 Bg6 16. Nxd6+ Qxd6 17. Rb7 0-0 18. Qd2 Rfb8 19. Rfb1 Rxb7 20. Rxb7 c5 21. Nh4 Qd5 22. Rb2 Rd8 23. Rb5 a6 24. Rb6 Kg7 25. Rxa6 c4 26. Ra5 Qc6 27. Nxg6 hxg6 28. Qe3 cxd3 29. cxd3 Rb8 30. Qc1 Qd7 31. Qc2 Qd4 32. Ra4 Qa1+ 33. Kg2 Rb1 34. Ra3 Rh1 35. Kf3 Rxh3+ 36. Ke4 0-1

[Event "Karl Mala Memorial op 14th"]
[Site "Frankfurt"]
[Date "2011.07.09"]
[Round "4"]
[White "Spietz, Nicolai"]
[Black "Storch, Dominik"]
[Result "0-1"]
[WhiteElo "1351"]
[BlackElo "1883"]
[PlyCount "92"]
[EventDate "2011.07.07"]
[EventType "swiss"]
[EventRounds "7"]
[EventCountry "GER"]
[SourceTitle "EXT 2012"]
[Source "ChessBase"]
[SourceDate "2011.11.24"]
[SourceVersion "1"]
[SourceVersionDate "2011.11.24"]
[SourceQuality "1"]

1. d4 d5 2. c4 c6 3. Nc3 Nf6 4. cxd5 cxd5 5. Nf3 Bf5 6. Bf4 a6 7. e3 e6 8. Be2 Nc6 9. 0-0 Be7 10. Ne5 0-0 11. Nxc6 bxc6 12. Rc1 Qa5 13. a3 c5 14. dxc5 Qxc5 15. Nb5 Qb6 16. Nc7 Ra7 17. Nxa6 Rxa6 18. Bxa6 Qxa6 19. Qb3 Ne4 20. Rfd1 Qe2 21. Qc2 Qxc2 22. Rxc2 Nxf2 23. Rxf2 Bf6 24. Rc1 d4 25. Rd2 d3 26. Rc4 e5 27. e4 Be6 28. Rc3 exf4 29. Rcxd3 h6 30. b4 Rc8 31. Kf2 Rc4 32. Kf3 g5 33. h3 h5 34. b5 Be7 35. b6 Rc8 36. a4 Kg7 37. a5 Bb4 38. Rb2 Bxa5 39. b7 Rb8 40. Ra3 Bc7 41. Ra8 f5 42. exf5 Bd5+ 43. Ke2 Bxg2 44. Rxb8 Bxb8 45. Rb3 Kf6 46. Rc3 Bxb7 0-1

[Event "Rhein Main op-A 14th"]
[Site "Bad Homburg"]
[Date "2011.06.26"]
[Round "7"]
[White "Storch, Dominik"]
[Black "Partzsch, Lukas"]
[Result "0-1"]
[WhiteElo "1883"]
[BlackElo "2034"]
[PlyCount "76"]
[EventDate "2011.06.22"]
[EventType "swiss"]
[EventRounds "7"]
[EventCountry "GER"]
[SourceTitle "EXT 2012"]
[Source "ChessBase"]
[SourceDate "2011.11.24"]
[SourceVersion "1"]
[SourceVersionDate "2011.11.24"]
[SourceQuality "1"]

1. f4 d5 2. Nf3 Nf6 3. e3 g6 4. b3 Bg7 5. Bb2 0-0 6. Be2 c5 7. 0-0 Nc6 8. Bb5 Qb6 9. Bxc6 Qxc6 10. Qe1 Bf5 11. d3 b5 12. Nbd2 c4 13. Ne5 Qb7 14. bxc4 bxc4 15. Rb1 cxd3 16. cxd3 Qa6 17. e4 dxe4 18. dxe4 Be6 19. Kh1 Rab8 20. Rf3 Ng4 21. Ra3 Qb6 22. Nxg4 Bxb2 23. Rb3 Bxb3 24. Rxb2 Qe6 25. f5 gxf5 26. Nh6+ Qxh6 27. axb3 fxe4 28. Nxe4 Rbc8 29. Rb1 Rc2 30. Qg3+ Qg6 31. Qf3 Rfc8 32. h4 f5 33. Ng5 Rc1+ 34. Rxc1 Rxc1+ 35. Kh2 Qd6+ 36. g3 Qc6 37. Kg2 Qxf3+ 38. Nxf3 Rc2+ 0-1

[Event "Rhein Main op-A 14th"]
[Site "Bad Homburg"]
[Date "2011.06.25"]
[Round "5"]
[White "Storch, Dominik"]
[Black "Wltschek, Christian"]
[Result "1/2-1/2"]
[WhiteElo "1883"]
[BlackElo "2018"]
[PlyCount "66"]
[EventDate "2011.06.22"]
[EventType "swiss"]
[EventRounds "7"]
[EventCountry "GER"]
[SourceTitle "EXT 2012"]
[Source "ChessBase"]
[SourceDate "2011.11.24"]
[SourceVersion "1"]
[SourceVersionDate "2011.11.24"]
[SourceQuality "1"]

1. f4 Nf6 2. Nf3 d5 3. e3 e6 4. b3 Bd6 5. Bb2 0-0 6. Be2 c5 7. Ne5 Nc6 8. Nxc6 bxc6 9. 0-0 Qe7 10. d3 e5 11. f5 e4 12. Qe1 exd3 13. Bxd3 Ng4 14. f6 Qxe3+ 15. Qxe3 Nxe3 16. fxg7 Re8 17. Rf6 Re6 18. Rxe6 Bxe6 19. Nd2 Nf5 20. Rf1 Nxg7 21. h3 Nh5 22. Nf3 Nf4 23. Ba6 Rb8 24. Be5 Bxe5 25. Nxe5 Ng6 26. Nd3 c4 27. bxc4 dxc4 28. Nc5 Bd5 29. Bb7 Nf8 30. Rb1 Kg7 31. Na6 Rd8 32. Rd1 Ne6 33. Nb4 Be4 1/2-1/2

[Event "Frankfurt-ch"]
[Site "Frankfurt"]
[Date "2011.06.14"]
[Round "7"]
[White "Rauscher, Joachim"]
[Black "Storch, Dominik"]
[Result "1/2-1/2"]
[WhiteElo "1525"]
[BlackElo "1883"]
[PlyCount "116"]
[EventDate "2011.05.02"]
[EventType "swiss"]
[EventRounds "7"]
[EventCountry "GER"]
[SourceTitle "EXT 2012"]
[Source "ChessBase"]
[SourceDate "2011.11.24"]
[SourceVersion "1"]
[SourceVersionDate "2011.11.24"]
[SourceQuality "1"]

1. e4 d5 2. exd5 Nf6 3. Nc3 Nxd5 4. Nxd5 Qxd5 5. Nf3 Bg4 6. Be2 Nc6 7. 0-0 0-0-0 8. d3 e5 9. c4 Qd7 10. Qa4 Bc5 11. Be3 Qe7 12. Bxc5 Qxc5 13. Rfe1 Kb8 14. Rad1 Bxf3 15. Bxf3 Nd4 16. Re3 f6 17. b4 Nxf3+ 18. Rxf3 Qd4 19. Re3 Qb2 20. c5 Rd4 21. Re4 Rhd8 22. Rxd4 Qxd4 23. c6 bxc6 24. Qxc6 Qb6 25. Qc2 Rd4 26. a3 Qb5 27. h3 Qd5 28. Rc1 Qd7 29. b5 Rxd3 30. Qa4 Rd4 31. Qb3 Qd5 32. Qc2 Qd8 33. a4 Rd2 34. Qxh7 Rd1+ 35. Rxd1 Qxd1+ 36. Kh2 Qd7 37. Qg8+ Kb7 38. Qc4 c6 39. bxc6+ Qxc6 40. Qf7+ Qc7 41. Qb3+ Kc6 42. Qc4+ Kd6 43. Qd3+ Ke7 44. Qe4 Qd7 45. Qb4+ Kf7 46. Qc4+ Kf8 47. Qb4+ Kg8 48. Qc4+ Qf7 49. Qc8+ Kh7 50. Qc2+ f5 51. a5 e4 52. a6 Qe6 53. Qe2 Qe5+ 54. Kg1 g6 55. Qc4 Kh6 56. Qc8 Qd4 57. Qf8+ Kh7 58. Qf7+ Kh6 1/2-1/2

[Event "Frankfurt-ch"]
[Site "Frankfurt"]
[Date "2011.06.06"]
[Round "6"]
[White "Storch, Dominik"]
[Black "Honert, Stefan"]
[Result "1-0"]
[WhiteElo "1883"]
[BlackElo "1398"]
[PlyCount "71"]
[EventDate "2011.05.02"]
[EventType "swiss"]
[EventRounds "7"]
[EventCountry "GER"]
[SourceTitle "EXT 2012"]
[Source "ChessBase"]
[SourceDate "2011.11.24"]
[SourceVersion "1"]
[SourceVersionDate "2011.11.24"]
[SourceQuality "1"]

1. e4 d5 2. exd5 Nf6 3. d4 Bg4 4. Bb5+ Nbd7 5. Nf3 a6 6. Ba4 Nxd5 7. c4 N5b6 8. Bb3 Nf6 9. Be3 e6 10. 0-0 Be7 11. Nc3 c6 12. h3 Bh5 13. Re1 0-0 14. d5 cxd5 15. cxd5 Nbxd5 16. g4 Nxc3 17. bxc3 Bg6 18. Bd4 Qc7 19. Qe2 Rfe8 20. Ne5 Bd6 21. Nxg6 hxg6 22. h4 e5 23. Be3 Qa5 24. h5 g5 25. Bxg5 e4 26. Bh4 Bf4 27. Bxf6 gxf6 28. Qc4 Qg5 29. Qxf7+ Kh8 30. Kf1 Qh4 31. Re3 Bxe3 32. fxe3 Qh1+ 33. Ke2 Qf3+ 34. Kd2 Rad8+ 35. Kc2 Qd1+ 36. Rxd1 1-0

[Event "Frankfurt-ch"]
[Site "Frankfurt"]
[Date "2011.05.16"]
[Round "3"]
[White "Kirschner, Matthias"]
[Black "Storch, Dominik"]
[Result "1-0"]
[WhiteElo "1703"]
[BlackElo "1883"]
[PlyCount "97"]
[EventDate "2011.05.02"]
[EventType "swiss"]
[EventRounds "7"]
[EventCountry "GER"]
[SourceTitle "EXT 2012"]
[Source "ChessBase"]
[SourceDate "2011.11.24"]
[SourceVersion "1"]
[SourceVersionDate "2011.11.24"]
[SourceQuality "1"]

1. c4 c5 2. Nc3 Nc6 3. g3 g6 4. Bg2 Bg7 5. Nf3 e6 6. a3 Nge7 7. Rb1 a5 8. 0-0 0-0 9. d3 d5 10. Qc2 d4 11. Na2 a4 12. Bd2 h6 13. b4 axb3 14. Rxb3 e5 15. Rfb1 f5 16. Bc1 g5 17. Rb5 Qd6 18. a4 e4 19. Ne1 e3 20. fxe3 dxe3 21. Bxe3 Bd4 22. Qd2 Rxa4 23. Nc3 Ra3 24. R5b3 Rxb3 25. Rxb3 f4 26. Bxd4 Nxd4 27. Rb2 fxg3 28. hxg3 Qxg3 29. Ne4 Qc7 30. e3 Ndf5 31. Qc1 Ng3 32. Nf2 Ng6 33. Qb1 Qe5 34. d4 Qf6 35. Ned3 cxd4 36. Rb6 Qf7 37. Bd5 dxe3 38. Bxf7+ Rxf7 39. Rxg6+ Kh7 40. Kg2 exf2 41. Nxf2 Bf5 42. Rxh6+ Kxh6 43. Qb6+ Kh5 44. Kxg3 Rd7 45. Qf6 Bg6 46. c5 Rf7 47. Qh8+ Rh7 48. Qc8 Rf7 49. Qh3# 1-0

[Event "Frankfurt-ch"]
[Site "Frankfurt"]
[Date "2011.05.09"]
[Round "2"]
[White "Storch, Dominik"]
[Black "Gutacker, Stephan"]
[Result "0-1"]
[WhiteElo "1883"]
[BlackElo "1949"]
[PlyCount "108"]
[EventDate "2011.05.02"]
[EventType "swiss"]
[EventRounds "7"]
[EventCountry "GER"]
[SourceTitle "EXT 2012"]
[Source "ChessBase"]
[SourceDate "2011.11.24"]
[SourceVersion "1"]
[SourceVersionDate "2011.11.24"]
[SourceQuality "1"]

1. e4 e5 2. Nf3 Nc6 3. d4 exd4 4. Nxd4 Bc5 5. Be3 Qf6 6. c3 Nge7 7. Bc4 Ne5 8. Be2 d5 9. Nd2 Qg6 10. Qc2 0-0 11. 0-0-0 Bb6 12. h3 f5 13. f4 N5c6 14. e5 Nxd4 15. cxd4 Bd7 16. Kb1 a5 17. g4 Nc6 18. Ka1 Nb4 19. Qb1 fxg4 20. Qxg6 hxg6 21. Rc1 gxh3 22. a3 Nc6 23. Nb3 Bf5 24. Nc5 Bxc5 25. Rxc5 Nb4 26. Bd1 c6 27. Bd2 Nd3 28. Rc3 Be4 29. Rh2 Nxf4 30. Bxf4 Rxf4 31. Rcxh3 Kf7 32. Be2 Bf5 33. Rh4 Rxh4 34. Rxh4 Rc8 35. Rh1 c5 36. Rc1 cxd4 37. Rd1 d3 38. Bxd3 Bxd3 39. Rxd3 Ke6 40. Rb3 Rc7 41. Rb6+ Kxe5 42. Rxg6 Kf5 43. Rd6 Ke4 44. Ka2 d4 45. Kb3 g5 46. Ka4 Rc6 47. Rd7 b6 48. Rg7 d3 49. Rxg5 d2 50. Rg4+ Kd3 51. Rg3+ Kc2 52. Rg2 Kc1 53. Rg1+ d1Q+ 54. Rxd1+ Kxd1 0-1

[Event "Karl Mala Memorial op 13th"]
[Site "Frankfurt"]
[Date "2010.07.17"]
[Round "3"]
[White "Storch, Dominik"]
[Black "Link, Matthias"]
[Result "1-0"]
[WhiteElo "1904"]
[BlackElo "1468"]
[PlyCount "27"]
[EventDate "2010.07.08"]
[EventType "swiss"]
[EventRounds "7"]
[EventCountry "GER"]
[SourceTitle "EXT 2012"]
[Source "ChessBase"]
[SourceDate "2011.11.24"]
[SourceVersion "1"]
[SourceVersionDate "2011.11.24"]
[SourceQuality "1"]

1. f4 d6 2. e4 e5 3. Nf3 Nc6 4. Bc4 h6 5. 0-0 Nf6 6. Nc3 Bg4 7. h3 Bh5 8. g4 Bg6 9. f5 Bh7 10. d3 Rg8 11. g5 Nd7 12. g6 fxg6 13. fxg6 Bxg6 14. Bxg8 1-0

[Event "Karl Mala Memorial op 13th"]
[Site "Frankfurt"]
[Date "2010.07.11"]
[Round "6"]
[White "Bittner, Deniz"]
[Black "Storch, Dominik"]
[Result "0-1"]
[WhiteElo "1151"]
[BlackElo "1904"]
[PlyCount "52"]
[EventDate "2010.07.08"]
[EventType "swiss"]
[EventRounds "7"]
[EventCountry "GER"]
[SourceTitle "EXT 2012"]
[Source "ChessBase"]
[SourceDate "2011.11.24"]
[SourceVersion "1"]
[SourceVersionDate "2011.11.24"]
[SourceQuality "1"]

1. e4 d5 2. exd5 Nf6 3. b3 Bg4 4. Nf3 Qxd5 5. Nc3 Qh5 6. Be2 Nc6 7. h3 0-0-0 8. 0-0 e5 9. hxg4 Nxg4 10. Ne4 f5 11. Ng3 Qf7 12. Bc4 Qf6 13. d3 e4 14. Bg5 Qg6 15. Bxd8 exf3 16. Qxf3 Kxd8 17. Qd5+ Bd6 18. Qxf5 Bxg3 19. Qxg6 Bh2+ 20. Kh1 hxg6 21. Be6 Be5+ 22. Kg1 Bxa1 23. Bxg4 Bf6 24. Re1 Re8 25. Re3 Nb4 26. Rxe8+ Kxe8 0-1

[Event "Karl Mala Memorial op 13th"]
[Site "Frankfurt"]
[Date "2010.07.09"]
[Round "2"]
[White "Neitzert, Volker"]
[Black "Storch, Dominik"]
[Result "0-1"]
[WhiteElo "1759"]
[BlackElo "1904"]
[PlyCount "38"]
[EventDate "2010.07.08"]
[EventType "swiss"]
[EventRounds "7"]
[EventCountry "GER"]
[SourceTitle "EXT 2012"]
[Source "ChessBase"]
[SourceDate "2011.11.24"]
[SourceVersion "1"]
[SourceVersionDate "2011.11.24"]
[SourceQuality "1"]

1. e4 d5 2. exd5 Nf6 3. Nf3 Bg4 4. d4 Qxd5 5. Be2 Nc6 6. h3 Qh5 7. 0-0 0-0-0 8. Be3 e5 9. hxg4 Nxg4 10. Nh4 f5 11. Bxg4 fxg4 12. g3 exd4 13. Bd2 Bc5 14. f4 Rhe8 15. Re1 d3+ 16. Kh2 Nd4 17. Rxe8 Rxe8 18. cxd3 Re2+ 19. Kh1 Qd5+ 0-1

[Event "Rhein Main op 13th"]
[Site "Bad Homburg"]
[Date "2010.06.06"]
[Round "7"]
[White "Zerhusen, Martin"]
[Black "Storch, Dominik"]
[Result "1-0"]
[WhiteElo "1703"]
[BlackElo "1888"]
[PlyCount "87"]
[EventDate "2010.06.02"]
[EventType "swiss"]
[EventRounds "7"]
[EventCountry "GER"]
[SourceTitle "EXT 2011"]
[Source "ChessBase"]
[SourceDate "2010.11.26"]
[SourceVersion "1"]
[SourceVersionDate "2010.11.26"]
[SourceQuality "1"]

1. d4 f5 2. c4 e6 3. Nc3 Nf6 4. g3 Bb4 5. Bd2 0-0 6. a3 Be7 7. Bg2 d6 8. e3 Nbd7 9. Nf3 Qe8 10. 0-0 Bd8 11. b4 d5 12. cxd5 exd5 13. Rc1 Nb6 14. Ne5 Ne4 15. f3 Nxc3 16. Rxc3 c6 17. Qc2 Nd7 18. f4 Nf6 19. b5 Ba5 20. Rb3 Bxd2 21. Qxd2 cxb5 22. Rc1 a6 23. Rc7 Rb8 24. Rbc3 Be6 25. Qc2 Ne4 26. Bxe4 fxe4 27. R3c5 Qd8 28. Qb3 Qd6 29. Qc3 Qd8 30. Qa5 Rc8 31. Qb6 Rxc7 32. Rxc7 Bc8 33. Qc5 Be6 34. Kg2 g5 35. Qe7 Qxe7 36. Rxe7 Bc8 37. fxg5 Kh8 38. g6 Rf3 39. Nxf3 exf3+ 40. Kxf3 Bf5 41. g7+ Kg8 42. Rxb7 Bd3 43. Kf4 a5 44. Ke5 1-0

[Event "Rhein Main op 13th"]
[Site "Bad Homburg"]
[Date "2010.06.05"]
[Round "5"]
[White "Kolker, Vladislav"]
[Black "Storch, Dominik"]
[Result "1-0"]
[WhiteElo "2104"]
[BlackElo "1888"]
[PlyCount "77"]
[EventDate "2010.06.02"]
[EventType "swiss"]
[EventRounds "7"]
[EventCountry "GER"]
[SourceTitle "EXT 2011"]
[Source "ChessBase"]
[SourceDate "2010.11.26"]
[SourceVersion "1"]
[SourceVersionDate "2010.11.26"]
[SourceQuality "1"]

1. e4 d5 2. exd5 Nf6 3. d4 Bg4 4. f3 Bf5 5. c4 c6 6. g4 Bg6 7. Nc3 cxd5 8. g5 Nh5 9. f4 e6 10. Be2 dxc4 11. Bxh5 Bxh5 12. Qxh5 Qxd4 13. Nge2 Qb6 14. Bd2 Nd7 15. 0-0-0 Nc5 16. Kb1 Nd3 17. Bc1 Ba3 18. Rd2 0-0-0 19. Rc2 Rd7 20. Qf3 Rhd8 21. Rf1 Be7 22. Qe4 Rc7 23. Qxh7 Qa5 24. Bd2 Nb4 25. Qxg7 Qf5 26. Nd4 Rxd4 27. Qxd4 Qxc2+ 28. Ka1 Nd3 29. Nb1 Bc5 30. Qh8+ Kd7 31. Qc3 Qa4 32. b3 cxb3 33. Qxd3+ Ke7 34. Qxb3 Bd4+ 35. Bc3 Bxc3+ 36. Nxc3 Qc6 37. Rc1 a5 38. Kb1 a4 39. Qxa4 1-0

[Event "Karl Mala Memorial op 12th"]
[Site "Frankfurt"]
[Date "2009.07.19"]
[Round "6"]
[White "Konik, Michael"]
[Black "Storch, Dominik"]
[Result "1/2-1/2"]
[WhiteElo "2117"]
[BlackElo "1916"]
[PlyCount "103"]
[EventDate "2009.07.16"]
[EventType "swiss"]
[EventRounds "7"]
[EventCountry "GER"]
[SourceTitle "EXT 2010"]
[Source "ChessBase"]
[SourceDate "2010.11.25"]
[SourceVersion "1"]
[SourceVersionDate "2010.11.25"]
[SourceQuality "1"]

1. d4 Nf6 2. Nf3 d5 3. g3 g6 4. Bg2 Bg7 5. 0-0 0-0 6. c4 c6 7. Ne5 Be6 8. cxd5 cxd5 9. Nc3 Nbd7 10. Nd3 Rc8 11. Nf4 Nb6 12. Nxe6 fxe6 13. e3 Nc4 14. b3 Nxe3 15. Bxe3 Rxc3 16. Qd2 Qa5 17. Qe2 Qb6 18. Rac1 Rfc8 19. Rxc3 Rxc3 20. Qb2 Qc6 21. Qa3 Kf7 22. Qxa7 Ne8 23. Re1 Nc7 24. Bh3 Rc2 25. a4 Qc3 26. Rf1 Qxb3 27. Bg4 Rc6 28. Re1 Qb6 29. Qxb6 Rxb6 30. Rc1 Ne8 31. Re1 Nf6 32. a5 Ra6 33. Bh3 Nd7 34. Rb1 b6 35. axb6 Rxb6 36. Ra1 Rb4 37. Ra7 Rb1+ 38. Kg2 Nf8 39. Kf3 h5 40. Bg2 Nh7 41. Ke2 Nf6 42. Ra6 Ne8 43. Bh3 Nd6 44. Ra2 Rb4 45. Kd3 Nf5 46. Bxf5 exf5 47. h4 Rb5 48. Ra7 Bf6 49. Ra6 Rb3+ 50. Kc2 Rb4 51. Kd3 Rb2 52. Ra5 1/2-1/2

[Event "Karl Mala Memorial op 12th"]
[Site "Frankfurt"]
[Date "2009.07.17"]
[Round "3"]
[White "Storch, Dominik"]
[Black "Anders, Eric"]
[Result "1-0"]
[WhiteElo "1916"]
[BlackElo "1419"]
[PlyCount "83"]
[EventDate "2009.07.16"]
[EventType "swiss"]
[EventRounds "7"]
[EventCountry "GER"]
[SourceTitle "EXT 2010"]
[Source "ChessBase"]
[SourceDate "2010.11.25"]
[SourceVersion "1"]
[SourceVersionDate "2010.11.25"]
[SourceQuality "1"]

1. d4 Nf6 2. Nf3 g6 3. Bg5 Bg7 4. c3 d6 5. Nbd2 Nc6 6. e4 e5 7. Bb5 0-0 8. 0-0 Bd7 9. Qe2 Qe8 10. d5 Ne7 11. Bxd7 Nxd7 12. Rac1 f5 13. c4 f4 14. Bxe7 Qxe7 15. b4 b6 16. Nb3 h6 17. Rc2 g5 18. Rfc1 Qf7 19. Ne1 Nf6 20. f3 h5 21. c5 Rfd8 22. cxb6 cxb6 23. Nd2 Kh7 24. Nd3 g4 25. b5 Qg6 26. Rc4 g3 27. h3 h4 28. Nb4 Qe8 29. Nc6 Rdc8 30. Nb3 Nd7 31. a4 Bf8 32. Rb4 Kg7 33. Nd2 Kh7 34. Nc4 Nc5 35. Ra1 Qd7 36. Rb2 Qb7 37. Qd1 Rc7 38. a5 Kh8 39. axb6 axb6 40. Rba2 Rcc8 41. Ra7 Rxa7 42. Rxa7 1-0

[Event "Karl Mala Memorial op 12th"]
[Site "Frankfurt"]
[Date "2009.07.16"]
[Round "1"]
[White "Storch, Dominik"]
[Black "Kitzler, Gerhard"]
[Result "1-0"]
[WhiteElo "1916"]
[BlackElo "1060"]
[PlyCount "47"]
[EventDate "2009.07.16"]
[EventType "swiss"]
[EventRounds "7"]
[EventCountry "GER"]
[SourceTitle "EXT 2010"]
[Source "ChessBase"]
[SourceDate "2010.11.25"]
[SourceVersion "1"]
[SourceVersionDate "2010.11.25"]
[SourceQuality "1"]

1. d4 d5 2. Nf3 e6 3. e3 Nf6 4. Bd3 c5 5. c3 c4 6. Bc2 h6 7. Nbd2 Bd6 8. 0-0 0-0 9. Qe2 b5 10. e4 dxe4 11. Nxe4 Bb7 12. Nxd6 Qxd6 13. Ne5 Qd5 14. f4 Nc6 15. Rf3 Nxd4 16. cxd4 Qxd4+ 17. Rf2 Rfd8 18. Qe3 Qxe3 19. Bxe3 Rd5 20. Rd1 Rxd1+ 21. Bxd1 Rd8 22. Rd2 Rxd2 23. Bxd2 Bd5 24. a3 1-0